000 00513cam a2200181ua 4500
001 11554
008 160513n II |||gr||||Z||||||hin
040 _aMAIN
041 _aEnglish
082 _a891.43 UPA
245 _aSAMIKHYA KE ABHINAV SOPAN
260 _aMADHYA PRADESH:
_bSHIV SANKALPA SAHITYA PARISHAD ,
_c2014.
300 _a124.:
_c20CM.
500 _aF/C by CENTRAL HINDI DIRECTORATE DELHI on 13.10.2016
653 _aHindi Books
700 _aUPADHYAYA, DR. PASHUPATI NATH ,
_eEDITOR.
942 _cBK
999 _c11520
_d11520